Statistics for Detroit Lions #1 Draft Picks

Click here to take the quiz!

General Stats

  • This quiz has been taken 930 times
    (46 since last reset)
  • The average score is 13 of 38

Answer Stats

YearPSchoolPlayer% Correct
2009QBGeorgiaMatthew Stafford
93%
2019TEIowaT. J. Hockenson
93%
2021OTOregonPenei Sewell
91%
2007WRGeorgia TechCalvin Johnson
91%
2022DEMichiganAidan Hutchinson
86%
2020CBOhio StateJeff Okudah
81%
1989RBOklahoma StateBarry Sanders
79%
2010DTNebraskaNdamukong Suh
72%
2018CArkansasFrank Ragnow
60%
2017LBFloridaJarrad Davis
58%
2016OTOhio StateTaylor Decker
56%
2014TENorth CarolinaEric Ebron
56%
2013DEBrigham YoungEzekiel Ansah
40%
2010RBCaliforniaJahvid Best
37%
2003WRMichigan StateCharles Rogers
28%
2011DTAuburnNick Fairley
28%
2009TEOklahoma StateBrandon Pettigrew
28%
2004WRTexasRoy Williams
28%
2002QBOregonJoey Harrington
26%
2005WRUSCMike Williams
26%
2015GDukeLaken Tomlinson
23%
1998CBTennesseeTerry Fair
23%
2012OTIowaRiley Reiff
21%
1991WRVirginiaHerman Moore
21%
2004RBVirginia TechKevin Jones
16%
1990QBHoustonAndre Ware
14%
2006LBFlorida StateErnie Sims
12%
1996LBTexas A&MReggie Brown
7%
2001OTMichiganJeff Backus
5%
2008OTBoston CollegeGosder Cherilus
5%
1999OTWisconsinAaron Gibson
2%
1999LBUSCChris Claiborne
2%
2000OTOklahomaStockar McDougle
2%
1994WRUSCJohnnie Morton
2%
1992DESC StateRobert Porcher
2%
1997CBTexasBryant Westbrook
2%
1996CPenn StateJeff Hartings
0%
1995DTUtahLuther Elliss
0%

Score Distribution

Percentile by Number Answered

Percent of People with Each Score

Your Score History

You have not taken this quiz since the last reset